| 000 | 00560 a2200145 4500 | ||
|---|---|---|---|
| 999 |
_c114 _d114 |
||
| 020 | _a9781446201398 | ||
| 050 | _aBF636.6 McL 2015 | ||
| 100 |
_aMcLeod, John _eauthor |
||
| 245 |
_aDoing research in counselling and psychotherapy / _cJohn McLeod |
||
| 264 |
_aLos Angeles : _bSage Publications, _c2015 |
||
| 300 | _axi, 269p. | ||
| 500 | _aRevision of: McLeod, John, 1951-. Doing counselling research. London : SAGE, 2003 Includes bibliographical references and index | ||
| 650 |
_aCounseling -- Research _xMethodology |
||
| 942 |
_2lcc _cBK _e3rd ed. _h636.6 _iMcL _kBF |
||